| 000 | 00370nam a22001457a 4500 | ||
|---|---|---|---|
| 003 | OSt | ||
| 005 | 20160727222352.0 | ||
| 008 | 160622b xxu||||| |||| 00| 0 eng d | ||
| 040 | _cTEST | ||
| 100 |
_9423 _a Scott, W, S |
||
| 245 | _aFive Appraoches Of Literary Criticism | ||
| 260 |
_aN.Y _bCollies Book |
||
| 300 | _aFive Appraoches Of Literary Criticism | ||
| 942 |
_2ddc _cBK |
||
| 999 |
_c344 _d344 |
||